000 00679nam a2200217 i 4500
001 22597
003 ES-MaACL
005 20250812081152.0
007 t|
008 021203s1952 sp |||| | spa d
100 1 _aAlvarez Morujo, A.
_920889
245 1 0 _aMorfología de la dinámica arterial /
_cA. Alvarez Morujo.
260 _aSalamanca :
_bUniversidad,
_c1952 (
_eMadrid :
_fGráf. Yagúes)
300 _a13 p., 4 lám. ;
_c25 cm.
490 1 _aActa Salmanticensia
650 7 _aArterias
_2embne
_9151073
710 2 _aUniversidad de Salamanca.
_97275
830 0 0 _aActa Salmanticensia
_9181394
852 _aES-MaACL
_j1951-F-18
999 _c22597
_d22597